Ahfada yadigar (Record no. 3680)

MARC details
000 -BAŞLIK
Sabit Uzunlukta Kontrol Alanı 01036na a2200301 4500
001 - KONTROL NUMARASI
Denetim Alanı 16498
003 - KONTROL NUMARASI IDENTIFIER
Denetim Alanı MIRAKIL
005 - SON İŞLEM TARİHİ VE ZAMANI
Denetim Alanı 20181213154939.0
008 - SABİT-BOY VERİ ELEMANLARI - GENEL BİLGİLER
Sabit Uzunlukta Kontrol Alanı 161012b tu 000 0
020 ## - ULUSLARARASI STANDART KİTAP NUMARASI
Uluslararası Standart Kitap Numarası 97573940109
040 ## - KATALOGLAMA KAYNAK
Orijinal Kataloglama Ajansı Milas
Kataloglama Dili tur
Metne Dönüştürmek Ajansı TR-AnCHP
041 ## - DİL KODU
Metin / Ses Parça Veya Ayrı Başlığın Dil Kodu tur
082 ## - DEWEY ONLU SINIFLANDIRMA NUMARASI
Sınıflandırma Numarası 956.674023
Ürün Numarası A45a 1995
090 ## - SINIFLAMA NUMARASI
Sınıflama Numarası 956.674023 A45a 1995
100 ## - ANA GİRİŞ - KİŞİSEL İSİM
Kişisel Ad Ali Rıza
245 ## - BAŞLIK TABLOSU
Başlık Ahfada yadigar
Başlığın Kalan Urfa mücahedesi
Sorumluluk Tablosu, Vb Ali Rıza; yay. haz. Müslüm Akalın
246 ## - UNVAN FORM VARYING
Başlık Doğru / Kısa Başlığı Urfa mücahedesi
260 ## - YAYIN, DAĞITIM, VB
Yayın, Dağıtım, Vb Yeri Şanlıurfa
Yayıncı, Dağıtıcı, Vs Adı Şanlıurfa Ili Kültür Eğitim Sanat Ve Araştırma Vakfı yayınları
Yayın, Dağıtım, Vb Tarihi 1995
300 ## - FİZİKSEL TANIM
Kapsam 88 s.
Boyutlar 19 sm.
440 ## - SERİSİ TABLOSU / KATMA GİRİŞİ - BAŞLIK
Başlık Şanlıurfa Ili Kültür Eğitim Sanat Ve Araştırma Vakfı Yayınları
Hacim / Ardışık Tanımı 10
490 ## - SERİSİ TABLOSU
Seri Beyanı Tarih Dizisi
Hacim / Ardışık Tanımı 2
650 ## - KONU KATMA GİRİŞ - TOPİKAL DÖNEM
Topikal Süreli Veya Coğrafi Ad Giriş Elemanı Kurtuluş Savaşı
Coğrafi Alt Bölümü Şanlıurfa
651 ## - KONU KATMA GİRİŞ - COĞRAFİ ADI
Coğrafi İsim Türkiye
Genel Alt Bölümü Tarih
Kronolojik Alt Bölümü Kurtuluş Savaşı, 1919-1923
Coğrafi Alt Bölümü Güney cephesi
651 ## - KONU KATMA GİRİŞ - COĞRAFİ ADI
Coğrafi İsim Urfa
Genel Alt Bölümü Tarih
Kronolojik Alt Bölümü Kurtuluş Savaşı, 1919-1923
651 ## - KONU KATMA GİRİŞ - COĞRAFİ ADI
Coğrafi İsim Şanlıurfa
Genel Alt Bölümü İngiliz İşgali
700 ## - KATMA GİRİŞ - KİŞİSEL İSİM
Kişisel Ad Akalın, Müslüm
942 ## - EKLENDİ GİRİŞ ELEMANLARI (KOHA)
Sınıflandırma Veya Raf Düzeni Kaynak Dewey Decimal Classification
Koha Öğesi Türü Books
999 ## - SİSTEM KONTROL NUMARALARI (KOHA)
Koha Biblionumber 3680
Koha Biblioitemnumber 3680
Holdings
Kalıcı Konum Mevcut Konum Edinme Tarihi Edinim Kaynak Toplam Check-Out'Lar Tam Çağrı Numarası Barkod Tarih Son Görülme İtibaren Geçerli Fiyatlar Koha Öğesi Türü
CHP Kütüphanesi CHP Kütüphanesi 10/07/2016 Bağış   956.674023 A45a 1995 006515 10/07/2016 10/07/2016 Books